|
|
|
|
| LEADER |
01245nab#a2200349#ar4500 |
| 001 |
000074450 |
| 003 |
SVKKK |
| 005 |
20041227xxxxxxx. |
| 008 |
06 c xo huno |
| FMT |
|
|
|
| 038 |
|
|
|a SVKKK
|
| 040 |
|
|
|a SVKKK
|b slo
|e AACR2
|
| 041 |
0 |
|
|a hun
|
| 044 |
|
|
|a xo
|c SK
|
| 080 |
|
|
|a 614.84
|
| 242 |
1 |
0 |
|a Požiare
|
| 245 |
0 |
0 |
|a Tüzek
|
| 500 |
|
|
|a mikrofilm
|
| 520 |
2 |
|
|a Správa o požiaroch v marci 1914. V obci Slovenské Krivé vznikol požiar v dome Andreja Zsidzika a následne zhorelo 6 obytných domov. Škody vyčíslené na 27600 korún. * V dome Antalné Tanennbaum vzniklý požiar vo Vranove mal za následok vuhorenie 9 obytných domov. * V Ruskom Potoku vznikol požiar u Bernarda Teichmana a bol vyčíslený na 13400 korún.
|
| 650 |
0 |
4 |
|a Tannenbaum, Antalné (dom) - Vranov
|
| 650 |
0 |
4 |
|a Teichman, Bernard (?) - Ruský potok (HN) - marec 1914 - správy
|
| 650 |
0 |
4 |
|a požiare - Zsidzik, Andrej (majiteľ sypárne) - Slovenské Krivé (HN)
|
| 773 |
0 |
|
|t Felvidéki Hirlap
|g Roč. 7, č. 12 (22.03.1914) s. 2
|
| 957 |
|
|
|a Ruský Potok
|
| 957 |
|
|
|a Slovenské Krivé
|
| 957 |
|
|
|a Vranov
|
| 958 |
|
|
|a DG
|
| 958 |
|
|
|a SK
|
| 974 |
|
|
|a Ba
|d 20041227
|
| 992 |
|
|
|a RBX
|
| BAS |
|
|
|
| 998 |
|
|
|a RETRO
|